[Event "ESP-ch Universities"]
[Site "Madrid"]
[Date "2008.05.11"]
[Round "9"]
[White "Piay Augusto, Diego"]
[Black "Perez Candelario, Manuel"]
[Result "1/2-1/2"]
[WhiteElo "2281"]
[BlackElo "2537"]
[PlyCount "97"]
[EventDate "2008.05.08"]
[EventType "swiss"]
[EventRounds "9"]
[EventCountry "ESP"]
[SourceTitle "CBM 124 Extra"]
[Source "ChessBase"]
[SourceDate "2008.07.03"]
[SourceVersion "1"]
[SourceVersionDate "2008.07.03"]
[SourceQuality "1"]

1. e4 e5 2. d4 exd4 3. c3 Qe7 4. cxd4 Qxe4+ 5. Be3 Bb4+ 6. Nc3 Ne7 7. Nf3 Nf5 8. Qd2 Bxc3 9. bxc3 Nxe3 10. fxe3 d5 11. Bd3 Qe7 12. 0-0 0-0 13. Rae1 f5 14. c4 Be6 15. cxd5 Bxd5 16. Qc2 g6 17. e4 fxe4 18. Bxe4 Bxe4 19. Rxe4 Qf7 20. Nd2 Qd5 21. Rxf8+ Kxf8 22. Qxc7 Nd7 23. Qc3 Kg8 24. Re7 Rf8 25. Nf3 Rf7 26. Re2 Kg7 27. h3 Nf6 28. Re3 Qxa2 29. Ng5 Rd7 30. Ne6+ Kf7 31. Qc5 Qxe6 32. Rxe6 Kxe6 33. Qxa7 Nd5 34. Qa8 Ne7 35. Kf2 Rxd4 36. Qxb7 Rd5 37. g4 h5 38. Qb6+ Kf7 39. Kg3 hxg4 40. Kxg4 Rf5 41. Qb3+ Nd5 42. h4 Rh5 43. Qb7+ Ne7 44. Qb2 Nf5 45. Qb3+ Kg7 46. Qc3+ Kh7 47. Qc7+ Kh6 48. Qf4+ Kh7 49. Qc7+ 1/2-1/2

[Event "ESP-ch Universities"]
[Site "Madrid"]
[Date "2008.05.09"]
[Round "4"]
[White "Perez Mauricio, Xoel"]
[Black "Piay Augusto, Diego"]
[Result "1/2-1/2"]
[WhiteElo "2168"]
[BlackElo "2281"]
[PlyCount "61"]
[EventDate "2008.05.08"]
[EventType "swiss"]
[EventRounds "9"]
[EventCountry "ESP"]
[SourceTitle "CBM 124 Extra"]
[Source "ChessBase"]
[SourceDate "2008.07.03"]
[SourceVersion "1"]
[SourceVersionDate "2008.07.03"]
[SourceQuality "1"]

1. Nf3 Nf6 2. c4 e6 3. Nc3 d5 4. d4 b6 5. Bg5 Be7 6. e3 Bb7 7. Rc1 0-0 8. Bd3 h6 9. Bh4 c5 10. cxd5 cxd4 11. Nxd4 Nxd5 12. Bxe7 Qxe7 13. 0-0 Rd8 14. Qe2 Nb4 15. Bb1 N8c6 16. Nxc6 Bxc6 17. a3 Nd5 18. Rfd1 Nxc3 19. Rxc3 Rxd1+ 20. Qxd1 Rd8 21. Rd3 Rxd3 22. Bxd3 Qc5 23. Be2 a5 24. h3 Bd5 25. Kh2 g6 26. Qd2 h5 27. b4 axb4 28. Qxb4 Qc6 29. Bb5 Qc2 30. a4 Be4 31. Qd4 1/2-1/2

[Event "ESP-ch Universities"]
[Site "Madrid"]
[Date "2008.05.08"]
[Round "2"]
[White "Hidalgo Duque, Carlos"]
[Black "Piay Augusto, Diego"]
[Result "1-0"]
[WhiteElo "2134"]
[BlackElo "2281"]
[PlyCount "77"]
[EventDate "2008.05.08"]
[EventType "swiss"]
[EventRounds "9"]
[EventCountry "ESP"]
[SourceTitle "CBM 124 Extra"]
[Source "ChessBase"]
[SourceDate "2008.07.03"]
[SourceVersion "1"]
[SourceVersionDate "2008.07.03"]
[SourceQuality "1"]

1. Nf3 Nf6 2. c4 e6 3. g3 b6 4. Bg2 Bb7 5. 0-0 Be7 6. d4 0-0 7. Nc3 d5 8. cxd5 exd5 9. Re1 Ne4 10. Nd2 f5 11. Ndxe4 fxe4 12. f3 Bb4 13. f4 Kh8 14. Be3 c6 15. a3 Be7 16. Qd2 Nd7 17. Rf1 Nf6 18. h3 Ne8 19. Bf2 Nd6 20. b3 Bf6 21. g4 g6 22. Rac1 a5 23. Rfd1 Rc8 24. Na4 Nb5 25. Ra1 Qe7 26. b4 axb4 27. axb4 Ra8 28. e3 Nd6 29. Qc3 Ra7 30. Nb2 Nb5 31. Qb3 Ba8 32. Na4 Qd8 33. Nc3 Rxa1 34. Rxa1 Nd6 35. b5 Nc4 36. Ra2 Na5 37. Qb4 c5 38. dxc5 bxc5 39. Qxc5 1-0

[Event "ESP-ch Universities"]
[Site "Madrid"]
[Date "2008.05.08"]
[Round "3"]
[White "Piay Augusto, Diego"]
[Black "Lopez Reboso, Hector Emilio"]
[Result "1-0"]
[WhiteElo "2281"]
[BlackElo "2048"]
[PlyCount "61"]
[EventDate "2008.05.08"]
[EventType "swiss"]
[EventRounds "9"]
[EventCountry "ESP"]
[SourceTitle "CBM 124 Extra"]
[Source "ChessBase"]
[SourceDate "2008.07.03"]
[SourceVersion "1"]
[SourceVersionDate "2008.07.03"]
[SourceQuality "1"]

1. e4 e5 2. d4 Nf6 3. dxe5 Nxe4 4. Bc4 c6 5. Qe2 Qa5+ 6. Nd2 Nxd2 7. Bxd2 Bb4 8. c3 Be7 9. Nf3 0-0 10. 0-0 d5 11. exd6 Bxd6 12. Ng5 Qc7 13. Nxf7 Rxf7 14. Qe8+ Bf8 15. Bxf7+ Qxf7 16. Qxc8 Qd7 17. Qxd7 Nxd7 18. Rad1 Nf6 19. c4 Kf7 20. Bg5 Ne4 21. Be3 b6 22. Rd4 Re8 23. Rfd1 Nf6 24. Bg5 Bc5 25. Bxf6 Kxf6 26. R4d2 Re4 27. b3 h5 28. g3 h4 29. Kg2 a5 30. Kf3 Kf5 31. Rd7 1-0

[Event "ESP-ch Student"]
[Site "Cartagena"]
[Date "2007.05.09"]
[Round "8"]
[White "Piay Augusto, Diego"]
[Black "Alsina Leal, Daniel"]
[Result "0-1"]
[WhiteElo "2251"]
[BlackElo "2428"]
[PlyCount "86"]
[EventDate "2007.05.06"]
[EventType "swiss"]
[EventRounds "9"]
[EventCountry "ESP"]
[SourceTitle "CBM 118 Extra"]
[Source "ChessBase"]
[SourceDate "2007.07.04"]
[SourceVersion "1"]
[SourceVersionDate "2007.07.04"]
[SourceQuality "1"]

1. e4 c5 2. c3 Nf6 3. e5 Nd5 4. d4 cxd4 5. cxd4 d6 6. Nf3 e6 7. Nc3 Nc6 8. Bd2 Be7 9. Qb3 Nxc3 10. Bxc3 0-0 11. Rd1 dxe5 12. dxe5 Qc7 13. Bd3 b6 14. 0-0 Bb7 15. Qa4 Rfd8 16. Bb1 a6 17. Qg4 b5 18. b3 Rxd1 19. Rxd1 Rd8 20. Re1 b4 21. Bb2 Na7 22. Ng5 Bxg5 23. Qxg5 a5 24. h4 Nb5 25. h5 h6 26. Qg4 Nc3 27. Bc1 Kf8 28. Bh7 Rd5 29. Bf4 Rd4 30. Qg3 Rd1 31. Rxd1 Ne2+ 32. Kh2 Nxg3 33. Bxg3 Bd5 34. Rd2 Qc1 35. Bf4 Qf1 36. f3 Qe1 37. Kh3 Ke7 38. Rc2 Kd7 39. Rc1 Qf2 40. Rc2 Qd4 41. Bg3 Qe3 42. Bg8 Qg5 43. Bxf7 Qf5+ 0-1

[Event "ESP-ch Student"]
[Site "Cartagena"]
[Date "2007.05.08"]
[Round "3"]
[White "Penas Hernandez, Yolanda"]
[Black "Piay Augusto, Diego"]
[Result "0-1"]
[WhiteElo "2040"]
[BlackElo "2251"]
[PlyCount "80"]
[EventDate "2007.05.06"]
[EventType "swiss"]
[EventRounds "9"]
[EventCountry "ESP"]
[SourceTitle "CBM 118 Extra"]
[Source "ChessBase"]
[SourceDate "2007.07.04"]
[SourceVersion "1"]
[SourceVersionDate "2007.07.04"]
[SourceQuality "1"]

1. e4 d5 2. exd5 Nf6 3. d4 Nxd5 4. g3 Bf5 5. Bg2 c6 6. Nf3 g6 7. 0-0 Bg7 8. c3 0-0 9. Na3 Nd7 10. Re1 b5 11. Bg5 h6 12. Bd2 g5 13. Rc1 Rc8 14. c4 bxc4 15. Nxc4 N7b6 16. Nce5 Qd6 17. a4 e6 18. a5 Nd7 19. Nxd7 Qxd7 20. h4 f6 21. hxg5 hxg5 22. Nh2 Rb8 23. Bc3 Kf7 24. Qh5+ Bg6 25. Qf3 Rh8 26. Ng4 Kg8 27. Qe2 Bf7 28. Rc2 Bg6 29. Rd2 Re8 30. Ne3 f5 31. Qc4 Kf7 32. Nxd5 exd5 33. Qf1 f4 34. Rxe8 Rxe8 35. gxf4 gxf4 36. Bh3 Qe7 37. Rd1 Qh4 38. Qg2 Bh5 39. Rf1 Bh6 40. Kh1 Rg8 0-1

[Event "Poio op 3rd"]
[Site "Poio"]
[Date "2003.09.05"]
[Round "6.10"]
[White "Branca, Rui"]
[Black "Piay Augusto, Diego"]
[Result "0-1"]
[WhiteElo "2025"]
[BlackElo "2245"]
[PlyCount "52"]
[EventDate "2003.08.31"]
[EventType "swiss"]
[EventRounds "9"]
[EventCountry "ESP"]
[SourceTitle "EXT 2004"]
[Source "ChessBase"]
[SourceDate "2003.11.25"]
[SourceVersion "1"]
[SourceVersionDate "2003.11.25"]
[SourceQuality "1"]

1. Nf3 Nf6 2. g3 g6 3. Bg2 Bg7 4. 0-0 0-0 5. d3 d6 6. e4 c6 7. Nbd2 Nbd7 8. a4 Qc7 9. Nc4 b5 10. axb5 cxb5 11. Na5 Rb8 12. Nd4 Ne5 13. h3 Rb6 14. Be3 e6 15. f4 Ned7 16. f5 Ne5 17. fxe6 fxe6 18. Ne2 Ra6 19. Qd2 d5 20. Nb3 dxe4 21. Rxa6 Bxa6 22. Ned4 Qd6 23. Bf4 exd3 24. cxd3 Nh5 25. Re1 b4 26. Nc1 Nxf4 0-1

[Event "Padron op"]
[Site "Padron"]
[Date "2003.??.??"]
[Round "2"]
[White "Pilgaard, Kim"]
[Black "Piay Augusto, Diego"]
[Result "1-0"]
[WhiteElo "2437"]
[BlackElo "2245"]
[PlyCount "141"]
[EventDate "2003.08.??"]
[EventType "swiss"]
[EventRounds "9"]
[EventCountry "ESP"]
[SourceTitle "EXT 2005"]
[Source "ChessBase"]
[SourceDate "2004.11.15"]
[SourceVersion "1"]
[SourceVersionDate "2004.11.15"]
[SourceQuality "1"]

1. e4 d5 2. exd5 Nf6 3. c4 e6 4. dxe6 Bxe6 5. Nf3 Nc6 6. d4 Bb4+ 7. Nc3 Qe7 8. Be3 0-0-0 9. Bd3 Bg4 10. 0-0 Bxf3 11. gxf3 Qd7 12. Ne2 Qh3 13. Ng3 Kb8 14. Qa4 h5 15. Rfd1 Rxd4 16. Bf1 Rxd1 17. Rxd1 Qe6 18. Bxa7+ Nxa7 19. Qxb4 h4 20. Re1 Nc6 21. Qc3 hxg3 22. Rxe6 gxh2+ 23. Kh1 fxe6 24. b4 e5 25. b5 Nd4 26. a4 c5 27. Qe3 Rh5 28. a5 Ka7 29. Bg2 Kb8 30. Qa3 Nd7 31. a6 bxa6 32. Qxa6 Rh6 33. Qa3 Nc2 34. Qc1 Nd4 35. Qg5 Ne6 36. Qe7 Kc8 37. Bh3 Rxh3 38. Qxe6 Rh6 39. Qg8+ Kc7 40. Qxg7 Rd6 41. Kxh2 Rd4 42. Qg8 Rd6 43. Kg3 Nf6 44. Qg7+ Nd7 45. Qh7 Rf6 46. Qe7 Rd6 47. Kg2 Rd4 48. Qf7 Rd6 49. Qh7 Rd4 50. Qg8 Rd6 51. Kf1 Rd4 52. Ke2 Rd6 53. Qa8 Rb6 54. Kd3 Rb8 55. Qc6+ Kd8 56. Ke4 Rb6 57. Qa8+ Rb8 58. Qa5+ Ke7 59. f4 exf4 60. Kxf4 Rf8+ 61. Ke3 Rf6 62. f4 Rd6 63. Qc7 Rf6 64. Ke4 Rd6 65. f5 Rd4+ 66. Ke3 Rd6 67. Kf4 Rb6 68. Kg5 Rd6 69. f6+ Ke6 70. f7 Rd1 71. Qxd7+ 1-0

[Event "Poio op 2nd"]
[Site "Poio"]
[Date "2002.09.07"]
[Round "8.6"]
[White "Piay Augusto, Diego"]
[Black "Leite Oralova, Catarina"]
[Result "1-0"]
[WhiteElo "2289"]
[BlackElo "2151"]
[PlyCount "53"]
[EventDate "2002.08.31"]
[EventType "swiss"]
[EventRounds "9"]
[EventCountry "ESP"]
[SourceTitle "CBM 090 Extra"]
[Source "ChessBase"]
[SourceDate "2002.11.07"]
[SourceVersion "1"]
[SourceVersionDate "2002.11.07"]
[SourceQuality "1"]

1. e4 e5 2. d4 exd4 3. c3 d3 4. Bxd3 d5 5. Qe2 dxe4 6. Bxe4 Be7 7. Nf3 Nf6 8. Bc2 0-0 9. 0-0 Re8 10. Rd1 Bd6 11. Qd3 Bg4 12. Bg5 Nbd7 13. Nbd2 Bh5 14. Nc4 Bc5 15. b4 Bf8 16. Qd4 Bg6 17. Bxg6 hxg6 18. Qh4 Qc8 19. Re1 Nb6 20. Nce5 Nbd7 21. Nxf7 Re7 22. Bxf6 gxf6 23. Nh6+ Kg7 24. Ng4 Qe8 25. Qh6+ Kf7 26. Qh7+ Bg7 27. Nh6+ 1-0

[Event "Poio op 2nd"]
[Site "Poio"]
[Date "2002.09.06"]
[Round "7.5"]
[White "Pena Gomez, Manuel"]
[Black "Piay Augusto, Diego"]
[Result "1/2-1/2"]
[WhiteElo "2109"]
[BlackElo "2289"]
[PlyCount "50"]
[EventDate "2002.08.31"]
[EventType "swiss"]
[EventRounds "9"]
[EventCountry "ESP"]
[SourceTitle "CBM 090 Extra"]
[Source "ChessBase"]
[SourceDate "2002.11.07"]
[SourceVersion "1"]
[SourceVersionDate "2002.11.07"]
[SourceQuality "1"]

1. e4 d5 2. exd5 Nf6 3. d4 Nxd5 4. Be2 g6 5. Nf3 Bg7 6. 0-0 0-0 7. c4 Nb6 8. h3 Nc6 9. Be3 e5 10. d5 e4 11. Nd4 Ne5 12. Qc1 f5 13. Na3 Qf6 14. Bg5 Qf7 15. Bf4 g5 16. Bxe5 Bxe5 17. Qxg5+ Kh8 18. Bh5 Qf6 19. Qxf6+ Rxf6 20. Rad1 Bd7 21. b3 Rg8 22. f4 Bxd4+ 23. Rxd4 Rh6 24. Bf7 Rg7 25. Be6 Bxe6 1/2-1/2

[Event "Poio op 2nd"]
[Site "Poio"]
[Date "2002.09.03"]
[Round "4.5"]
[White "Piay Augusto, Diego"]
[Black "Rodriguez Lopez, Rafael"]
[Result "1/2-1/2"]
[WhiteElo "2289"]
[BlackElo "2273"]
[PlyCount "120"]
[EventDate "2002.08.31"]
[EventType "swiss"]
[EventRounds "9"]
[EventCountry "ESP"]
[SourceTitle "CBM 090 Extra"]
[Source "ChessBase"]
[SourceDate "2002.11.07"]
[SourceVersion "1"]
[SourceVersionDate "2002.11.07"]
[SourceQuality "1"]

1. e4 c6 2. d4 d5 3. f3 e6 4. Nc3 Bb4 5. Nge2 dxe4 6. fxe4 e5 7. Be3 exd4 8. Qxd4 Qxd4 9. Bxd4 Nf6 10. Ng3 Nbd7 11. Bc4 0-0 12. 0-0 Ng4 13. a3 Bc5 14. Bxc5 Nxc5 15. Rae1 Ne5 16. Ba2 Be6 17. Bxe6 Nxe6 18. Rd1 Nc4 19. Rd7 Nc5 20. Rc7 Nxb2 21. Rf5 b6 22. Rxc6 Rfc8 23. Nd5 Rxc6 24. Ne7+ Kf8 25. Nxc6 Nc4 26. Rf3 a6 27. Rc3 b5 28. Kf2 Re8 29. Nb4 Rxe4 30. Nd5 Rd4 31. Nb4 Rd2+ 32. Kf1 a5 33. Nd3 Nxd3 34. cxd3 Ne3+ 35. Ke1 Rxg2 36. d4 Nc4 37. d5 Ne5 38. Rc8+ Ke7 39. Ne4 Rg4 40. d6+ Ke6 41. Re8+ Kd5 42. Nc3+ Kxd6 43. Nxb5+ Kd5 44. Nc3+ Kc4 45. Rxe5 Kxc3 46. Rxa5 Rh4 47. Ra7 Rxh2 48. Rxf7 g5 49. a4 Kd3 50. a5 Ke3 51. Re7+ Kf4 52. a6 h5 53. Rf7+ Kg4 54. Rf2 Rh3 55. Ra2 Re3+ 56. Kf2 Re8 57. a7 Ra8 58. Ra4+ Kh3 59. Ra3+ Kh4 60. Kg2 g4 1/2-1/2

[Event "Alfonso Pedrido op 10th"]
[Site "Villagarcia de Arosa"]
[Date "2002.08.08"]
[Round "5.4"]
[White "Cooke, Eric"]
[Black "Piay Augusto, Diego"]
[Result "0-1"]
[WhiteElo "2223"]
[BlackElo "2289"]
[PlyCount "44"]
[EventDate "2002.08.04"]
[EventType "swiss"]
[EventRounds "9"]
[EventCountry "ESP"]
[SourceTitle "CBM 089 Extra"]
[Source "ChessBase"]
[SourceDate "2002.09.10"]
[SourceVersion "2"]
[SourceVersionDate "2002.09.10"]
[SourceQuality "1"]

1. e4 d5 2. exd5 Nf6 3. Nf3 Nxd5 4. d4 g6 5. Bc4 Bg7 6. Ne5 0-0 7. 0-0 Be6 8. Re1 Nd7 9. Qf3 Nxe5 10. dxe5 c6 11. Nc3 Qc7 12. Bxd5 cxd5 13. Bf4 d4 14. Nd5 Qd7 15. Nb4 Rac8 16. Rac1 Rc4 17. Nd3 Rfc8 18. Qe2 Qc7 19. Bg5 h6 20. Bh4 g5 21. Bg3 Rxc2 22. Qe4 Rxc1 0-1

[Event "Burgas op 11th"]
[Site "Orense"]
[Date "2002.07.12"]
[Round "7.9"]
[White "Piay Augusto, Diego"]
[Black "Pinheiro, Jose"]
[Result "1/2-1/2"]
[WhiteElo "2289"]
[BlackElo "2371"]
[PlyCount "111"]
[EventDate "2002.07.06"]
[EventType "swiss"]
[EventRounds "9"]
[EventCountry "ESP"]
[SourceTitle "CBM 089 Extra"]
[Source "ChessBase"]
[SourceDate "2002.09.10"]
[SourceVersion "2"]
[SourceVersionDate "2002.09.10"]
[SourceQuality "1"]

1. e4 c5 2. c3 d5 3. exd5 Qxd5 4. d4 Nf6 5. Nf3 e6 6. Na3 Qd8 7. Bb5+ Bd7 8. Qe2 Nc6 9. Ne5 cxd4 10. Nxd7 Qxd7 11. Nc2 a6 12. Bxc6 Qxc6 13. Nxd4 Qxg2 14. Rf1 Be7 15. Nf3 0-0 16. Be3 Rfd8 17. Bd4 Qg4 18. Rg1 Qf4 19. Kf1 Rd5 20. Re1 Rf5 21. Rg3 Nh5 22. Rh3 Qg4 23. Ng1 Qg6 24. Qe4 Rd5 25. Nf3 Bf6 26. Ne5 Bxe5 27. Bxe5 Qxe4 28. Rxe4 g6 29. c4 Rd7 30. Rb3 f6 31. Bc3 e5 32. Rb6 Rc8 33. f4 exf4 34. Bxf6 Rf8 35. Bc3 f3 36. Rbe6 f2 37. Rd4 Rdf7 38. Re2 Rf3 39. Rd7 g5 40. Ree7 R3f7 41. Rxb7 Rxe7 42. Rxe7 g4 43. Re4 g3 44. Rg4+ Kf7 45. hxg3 Ke6 46. Rg5 Rf5 47. Rxf5 Nxg3+ 48. Kxf2 Nxf5 49. Kf3 Nd6 50. b3 Kf5 51. Be1 Ne4 52. b4 Nd6 53. c5 Nb5 54. Ke3 Ke5 55. a4 Na7 56. Kd3 1/2-1/2

[Event "Burgas op 11th"]
[Site "Orense"]
[Date "2002.07.11"]
[Round "6.13"]
[White "Vidal del Rio, Diego"]
[Black "Piay Augusto, Diego"]
[Result "0-1"]
[WhiteElo "2077"]
[BlackElo "2289"]
[PlyCount "100"]
[EventDate "2002.07.06"]
[EventType "swiss"]
[EventRounds "9"]
[EventCountry "ESP"]
[SourceTitle "CBM 089 Extra"]
[Source "ChessBase"]
[SourceDate "2002.09.10"]
[SourceVersion "2"]
[SourceVersionDate "2002.09.10"]
[SourceQuality "1"]

1. Nf3 g6 2. d4 Nf6 3. c4 Bg7 4. Nc3 d5 5. Bf4 0-0 6. e3 c6 7. Be2 dxc4 8. Bxc4 Nbd7 9. 0-0 Nb6 10. Be2 Nbd5 11. Be5 Bh6 12. Nxd5 Nxd5 13. Qb3 a5 14. e4 Nf4 15. Bxf4 Bxf4 16. Rad1 a4 17. Qc2 Ra5 18. h3 Bb8 19. Nh2 Qc7 20. f4 Rd8 21. e5 a3 22. Nf3 axb2 23. Qxb2 Be6 24. a3 Ba7 25. Rb1 Rd7 26. Kh1 Bd5 27. Rbd1 Ra4 28. Rd2 e6 29. Nh2 h5 30. Qc3 Bxd4 31. Qg3 Kf8 32. Bxh5 gxh5 33. Qg5 Rd8 34. Qxh5 Ke8 35. Ng4 Kd7 36. Qxf7+ Kc8 37. Qg6 Bc5 38. Nf6 Qe7 39. Nxd5 Rxd5 40. Qg8+ Kc7 41. Rxd5 exd5 42. e6 Rxa3 43. f5 Bd4 44. f6 Bxf6 45. Qg4 Ra1 46. Rxa1 Bxa1 47. Qf4+ Kb6 48. Qe3+ Kc7 49. Qg3+ Qd6 50. Qg6 Qb4 0-1

[Event "ESP-chT2"]
[Site "Vila Real"]
[Date "2001.08.14"]
[Round "2"]
[White "De la Rocha Prieto, Ramon"]
[Black "Piay Augusto, Diego"]
[Result "1-0"]
[WhiteElo "2283"]
[BlackElo "2270"]
[PlyCount "81"]
[EventDate "2001.08.13"]
[EventType "team"]
[EventRounds "7"]
[EventCountry "ESP"]
[SourceTitle "EXT 2002"]
[Source "ChessBase"]
[SourceDate "2001.11.25"]
[SourceVersion "1"]
[SourceVersionDate "2001.11.25"]
[SourceQuality "1"]

1. c4 Nf6 2. Nc3 g6 3. e4 d6 4. d4 Bg7 5. Be2 c6 6. Nf3 0-0 7. 0-0 Bg4 8. Be3 Qa5 9. a3 Nbd7 10. Qc2 Rfe8 11. b4 Qc7 12. h3 Bxf3 13. Bxf3 e5 14. dxe5 Nxe5 15. Be2 d5 16. exd5 cxd5 17. Nb5 Qc8 18. c5 Nc6 19. Rad1 Re6 20. Bf3 a5 21. Qb3 axb4 22. axb4 Ne7 23. Nc3 Qe8 24. Bd4 Rea6 25. Nxd5 Nexd5 26. Bxd5 Nxd5 27. Bxg7 Nf4 28. Bb2 Qe4 29. f3 Qf5 30. Rf2 Re6 31. Qc3 f6 32. Qc4 Rae8 33. Bc1 g5 34. Bxf4 gxf4 35. Rd5 Qb1+ 36. Rf1 Qb2 37. Rd8 Rxd8 38. Qxe6+ Kf8 39. Re1 Qd4+ 40. Kh2 Rd7 41. Re4 1-0

[Event "ESP-chT2"]
[Site "Vila Real"]
[Date "2001.??.??"]
[Round "6"]
[White "Alcazar Jimenez, Victor Manuel"]
[Black "Piay Augusto, Diego"]
[Result "0-1"]
[WhiteElo "2245"]
[BlackElo "2270"]
[PlyCount "67"]
[EventDate "2001.08.13"]
[EventType "team"]
[EventRounds "7"]
[EventCountry "ESP"]
[SourceTitle "EXT 2003"]
[Source "ChessBase"]
[SourceDate "2002.11.25"]
[SourceVersion "1"]
[SourceVersionDate "2002.11.25"]
[SourceQuality "1"]

1. e4 d5 2. exd5 Nf6 3. d4 Nxd5 4. c4 Nb6 5. Nc3 e5 6. d5 Bc5 7. Nf3 Bg4 8. h3 Bxf3 9. Qxf3 0-0 10. Be2 f5 11. 0-0 N8d7 12. Be3 Bd6 13. g3 f4 14. gxf4 exf4 15. Bd4 Be5 16. Rfd1 Bxd4 17. Rxd4 Ne5 18. Qh5 Nbd7 19. Ne4 g6 20. Qg5 Qe8 21. f3 Rf5 22. Qg2 Qe7 23. Kh1 Nc5 24. Nf2 a5 25. Rg1 Qh4 26. Bd1 Re8 27. d6 Ne6 28. d7 Rd8 29. Rd5 Rxd7 30. Bc2 Rxd5 31. cxd5 Rg5 32. Ng4 Nxg4 33. fxg4 Rxd5 34. Kh2 0-1

[Event "Burgas op 10th"]
[Site "Burgas"]
[Date "2001.??.??"]
[Round "9"]
[White "Sanchez Aller, Fernando"]
[Black "Piay Augusto, Diego"]
[Result "0-1"]
[WhiteElo "2118"]
[BlackElo "2270"]
[PlyCount "82"]
[EventDate "2001.??.??"]
[EventType "swiss"]
[EventRounds "9"]
[EventCountry "ESP"]
[SourceTitle "EXT 2002"]
[Source "ChessBase"]
[SourceDate "2001.11.25"]
[SourceVersion "1"]
[SourceVersionDate "2001.11.25"]
[SourceQuality "1"]

1. e4 d5 2. exd5 Nf6 3. d4 Nxd5 4. c4 Nb6 5. Nf3 Bg4 6. c5 N6d7 7. Be2 Nc6 8. d5 Bxf3 9. Bxf3 Nce5 10. Be3 g6 11. Be2 Nf6 12. Nc3 Bg7 13. 0-0 0-0 14. Rc1 c6 15. f4 Ned7 16. dxc6 bxc6 17. Bf3 Qc7 18. Qa4 Rac8 19. Rfd1 Bh6 20. Rd3 Rfe8 21. g4 Bf8 22. g5 Nh5 23. Bxh5 gxh5 24. Qd1 Rcd8 25. Ne4 Bg7 26. Qxh5 Bxb2 27. Rc2 Bg7 28. Bd2 Nf8 29. Rg3 Qd7 30. Bc3 Qf5 31. Qf3 Ng6 32. Bxg7 Kxg7 33. Rf2 Rd4 34. Nc3 Nxf4 35. h4 Red8 36. Ne2 Nxe2+ 37. Qxe2 Qxc5 38. h5 Rd2 39. h6+ Kg8 40. Qf3 Rxf2 41. Qxf2 Qc1+ 0-1

[Event "Vila de Padron op 1st"]
[Site "Vila de Padron"]
[Date "2000.08.30"]
[Round "7"]
[White "Piay Augusto, Diego"]
[Black "Peric, Slavisa"]
[Result "1-0"]
[WhiteElo "2240"]
[BlackElo "2257"]
[PlyCount "97"]
[EventDate "2000.08.24"]
[EventType "swiss"]
[EventRounds "9"]
[EventCountry "ESP"]
[SourceTitle "EXT 2001"]
[Source "ChessBase"]
[SourceDate "2000.11.22"]
[SourceVersion "1"]
[SourceVersionDate "2000.11.22"]
[SourceQuality "1"]

1. e4 e6 2. d4 d5 3. exd5 exd5 4. Nf3 Bg4 5. c4 Bb4+ 6. Nc3 Ne7 7. a3 Bxc3+ 8. bxc3 c5 9. cxd5 Qxd5 10. Be2 cxd4 11. cxd4 Nbc6 12. 0-0 0-0 13. Rb1 b6 14. Rb5 Qd7 15. d5 Bxf3 16. gxf3 Ne5 17. d6 N7g6 18. Bb2 Nxf3+ 19. Kh1 Ngh4 20. Rb3 Ng5 21. Rg3 f6 22. Qd5+ Qf7 23. Qxf7+ Nxf7 24. Bxf6 Nf5 25. Rxg7+ Nxg7 26. Rg1 Ng5 27. Bxg5 Kh8 28. d7 Rad8 29. Bxd8 Rxd8 30. Rc1 Ne6 31. Rc8 Kg7 32. Bc4 Rxd7 33. Bxe6 Rd1+ 34. Kg2 Ra1 35. Rc3 b5 36. Bd7 a6 37. Rb3 Rc1 38. a4 bxa4 39. Bxa4 Ra1 40. Rb7+ Kf8 41. Bc2 h5 42. h4 a5 43. Bg6 Ra4 44. Rf7+ Kg8 45. Kh3 Ra1 46. Bxh5 a4 47. Kg2 a3 48. Ra7 Kf8 49. Bf3 1-0

[Event "Vila de Padron op 1st"]
[Site "Vila de Padron"]
[Date "2000.08.29"]
[Round "6"]
[White "Piankov, Evgenij"]
[Black "Piay Augusto, Diego"]
[Result "1-0"]
[WhiteElo "2365"]
[BlackElo "2240"]
[PlyCount "95"]
[EventDate "2000.08.24"]
[EventType "swiss"]
[EventRounds "9"]
[EventCountry "ESP"]
[SourceTitle "EXT 2001"]
[Source "ChessBase"]
[SourceDate "2000.11.22"]
[SourceVersion "1"]
[SourceVersionDate "2000.11.22"]
[SourceQuality "1"]

1. d4 Nf6 2. Nf3 c5 3. c3 e6 4. e3 b6 5. Nbd2 Bb7 6. Bd3 Be7 7. 0-0 0-0 8. e4 d5 9. e5 Ne4 10. Qc2 Nxd2 11. Bxh7+ Kh8 12. Bxd2 g6 13. Bxg6 fxg6 14. Qxg6 Qe8 15. Qh6+ Kg8 16. Qxe6+ Qf7 17. Ng5 Bxg5 18. Qxf7+ Kxf7 19. Bxg5 Nc6 20. Rad1 cxd4 21. cxd4 Rac8 22. f4 Ba6 23. Rf2 Nxd4 24. g4 Ne2+ 25. Kg2 d4 26. f5 d3 27. e6+ Kg7 28. h4 Bb5 29. f6+ Kh7 30. f7 Bc4 31. Rf6 Nd4 32. Bh6 Nxe6 33. Bxf8 Nxf8 34. b3 Kg7 35. g5 Ba6 36. Kg3 Rd8 37. h5 Rd5 38. h6+ Kh7 39. Kg4 Bc8+ 40. Kf4 Rd8 41. Ke3 Ba6 42. Kd2 Rc8 43. Rc1 Rd8 44. Rc7 Rd5 45. Rxa7 Bb5 46. a4 Bd7 47. Ra8 Ne6 48. Rxe6 1-0

[Event "Orense op 9th"]
[Site "Orense"]
[Date "2000.07.10"]
[Round "3"]
[White "Piay Augusto, Diego"]
[Black "Glavina, Pablo"]
[Result "0-1"]
[WhiteElo "2240"]
[BlackElo "2434"]
[PlyCount "100"]
[EventDate "2000.07.08"]
[EventType "swiss"]
[EventRounds "9"]
[EventCountry "ESP"]
[SourceTitle "EXT 2001"]
[Source "ChessBase"]
[SourceDate "2000.11.22"]
[SourceVersion "1"]
[SourceVersionDate "2000.11.22"]
[SourceQuality "1"]

1. e4 g6 2. d4 Bg7 3. Nc3 c6 4. Be2 d5 5. Nf3 Nh6 6. 0-0 0-0 7. h3 f6 8. Re1 Nf7 9. Be3 b6 10. Qd2 Na6 11. exd5 cxd5 12. Nb5 Bb7 13. c4 dxc4 14. Bxc4 Bxf3 15. gxf3 Nc7 16. Nxc7 Qxc7 17. Rac1 Qd7 18. Bf4 Rad8 19. Bc7 Qxd4 20. Qb4 Rd5 21. Rxe7 b5 22. Re4 Rg5+ 23. Kf1 Qd7 24. Bxf7+ Rxf7 25. Bd6 a5 26. Qa3 Rd5 27. Bg3 b4 28. Qb3 Qxh3+ 29. Kg1 Rh5 30. Rh4 Rxh4 31. Bxh4 Qxh4 32. Rc7 Qg5+ 33. Kh1 Qh5+ 34. Kg2 g5 35. Qd5 Bf8 36. Ra7 f5 37. Rxa5 g4 38. fxg4 Qxg4+ 39. Kf1 Qe4 40. Qb3 Qh1+ 41. Ke2 Qh5+ 42. Kf1 Kh8 43. Re5 Qh1+ 44. Ke2 Qh5+ 45. Kf1 Rd7 46. Ke1 Bh6 47. Qc2 Qh1+ 48. Ke2 Rd2+ 49. Qxd2 Bxd2 50. Kxd2 Qb1 0-1